A kulturforradalom sebei
Elmentve itt :
| Szerző: | |
|---|---|
| Adatforrás: | Meister |
| Forrásdokumentuma: | Művelődés. - 2 sz., 1990, 6 p. |
| Nyelv: | magyar |
| Kulcsszavak: | politikai publicisztika kultúra Románia |
| LEADER | 00373nab a2200145 i 4500 | ||
|---|---|---|---|
| 001 | bibPRO00002671 | ||
| 008 | 060524s1990 xx hun | ||
| 040 | |a Sz1 | ||
| 041 | |a hun | ||
| 100 | 1 | |a MARINO Adrian | |
| 245 | 1 | 2 | |a A kulturforradalom sebei |c MARINO Adrian |
| 695 | |a politikai publicisztika | ||
| 695 | |a kultúra | ||
| 695 | |a Románia | ||
| 773 | 0 | |t Művelődés. - |g 2 sz., 1990, 6 p. | |